000 00425nam a22001697a 4500
005 20180625102240.0
008 160618b xxu||||| |||| 00| 0 eng d
020 _a81-7014-883-9
041 _aeng
082 _b8186
_a658
100 _aPrasad, L.M.
_9431
245 _aPrinciples and Practice of management
260 _aNew Delhi
_bSultan Chand & Sons,
_c2003
300 _a748
650 _aManagement
_9241
942 _cBK
999 _c3140
_d3139